[Event "November U20 reserves"]
[Site "New Westminster CAN"]
[Date "2009.11.14"]
[Round "2"]
[White "Szinku, Peter"]
[Black "Foote, Joanne"]
[Result "0-1"]
[WhiteElo "1174"]
[BlackElo "1358"]
[PlyCount "58"]
[GameId "2160767910030374"]
[EventDate "2009.11.14"]
[EventType "swiss"]
[EventRounds "5"]
[EventCountry "CAN"]

1. e4 e6 2. d4 d5 3. exd5 exd5 4. Nf3 Bd6 5. Nc3 Nf6 6. g3 O-O 7. Bg2 Bg4 8. O-O c6 9. Ne2 Nbd7 10. c3 Ne4 11. Nd2 Nxd2 12. Qxd2 Re8 13. Nf4 Nf6 14. Qc2 Qc7 15. b3 Qd7 16. f3 Bf5 17. Nd3 h6 18. Bd2 Re2 19. Rf2 Rae8 20. Bf1 R2e7 21. Qc1 Kh7 22. h3 Bxg3 23. Rg2 Qc7 24. Ne5 Bxe5 25. dxe5 Qxe5 26. Bf4 Qe1 27. Rxg7+ Kh8 28. Bxh6 Qxc1 29. Rxc1 Ng8 0-1

[Event "November U20 reserves"]
[Site "New Westminster CAN"]
[Date "2009.11.15"]
[Round "4"]
[White "Foote, Joanne"]
[Black "Doknjas, Joshua"]
[Result "1/2-1/2"]
[WhiteElo "1358"]
[BlackElo "1066"]
[PlyCount "52"]
[GameId "2160767910030375"]
[EventDate "2009.11.14"]
[EventType "swiss"]
[EventRounds "5"]
[EventCountry "CAN"]

1. e4 e6 2. d4 d5 3. e5 c5 4. c3 Qb6 5. Nf3 Nc6 6. a3 Nh6 7. b4 cxd4 8. cxd4 Nf5 9. Bb2 a5 10. b5 Na7 11. a4 Bb4+ 12. Nc3 O-O 13. Be2 Qc7 14. Rc1 b6 15. O-O Qd7 16. Bd3 Ne7 17. Bb1 Bb7 18. Ng5 h6 19. Qh5 Rac8 20. Ne2 Rxc1 21. Rxc1 Bd2 22. Nh7 Bxc1 23. Nxf8 Kxf8 24. Bxc1 Nf5 25. Qf3 Nc8 26. Ba3+ Nce7 1/2-1/2

[Event "November U20 reserves"]
[Site "New Westminster CAN"]
[Date "2009.11.15"]
[Round "4"]
[White "McFee, Evan"]
[Black "Datcu-Romano, Alex"]
[Result "1/2-1/2"]
[WhiteElo "1184"]
[BlackElo "1022"]
[PlyCount "63"]
[GameId "2160767910030376"]
[EventDate "2009.11.14"]
[EventType "swiss"]
[EventRounds "5"]
[EventCountry "CAN"]

1. e4 c5 2. Nf3 e6 3. Bc4 Nf6 4. Nc3 d6 5. d3 Be7 6. Bg5 O-O 7. O-O Nc6 8. a3 a6 9. Re1 b5 10. Bb3 Qc7 11. Qd2 Bb7 12. Rad1 Rfd8 13. Ne2 d5 14. Ng3 c4 15. e5 Ng4 16. Bxe7 Qxe7 17. h3 Ngxe5 18. Nxe5 Nxe5 19. Rxe5 cxb3 20. cxb3 Rac8 21. d4 Qc7 22. Ne2 Qc2 23. Re3 Qxd2 24. Rxd2 Rc7 25. Nc3 Bc6 26. b4 Ra8 27. Rc2 Bd7 28. Ree2 Rc4 29. Rcd2 a5 30. bxa5 Rxa5 31. f4 b4 32. axb4 1/2-1/2

[Event "November U20 reserves"]
[Site "New Westminster CAN"]
[Date "2009.11.15"]
[Round "4"]
[White "Xu, Jingzhi (Edwin)"]
[Black "Szinku, Peter"]
[Result "0-1"]
[WhiteElo "1058"]
[BlackElo "1174"]
[PlyCount "116"]
[GameId "2160767910030377"]
[EventDate "2009.11.14"]
[EventType "swiss"]
[EventRounds "5"]
[EventCountry "CAN"]

1. e4 c5 2. Nf3 e6 3. d4 Nc6 4. c4 cxd4 5. Nxd4 Bc5 6. Be3 Qb6 7. Nxc6 bxc6 8. Bxc5 Qxc5 9. Nc3 Nf6 10. Be2 Ba6 11. b3 Qe5 12. Qd3 Nxe4 13. Nxe4 Qxa1+ 14. Qd1 Qxd1+ 15. Bxd1 O-O 16. Bc2 d5 17. cxd5 exd5 18. Ng5 Rfe8+ 19. Kd1 g6 20. h4 Rad8 21. h5 Be2+ 22. Kc1 Bxh5 23. f3 Re2 24. g4 Rg2 25. Nh3 Bxg4 26. fxg4 Rxg4 27. Re1 Kf8 28. Nf2 Rg2 29. Nd3 d4 30. Ne5 c5 31. Nc6 Rd7 32. Nb8 Re7 33. Rxe7 Kxe7 34. Nc6+ Ke6 35. Nxa7 Rg1+ 36. Kb2 Rg2 37. Kc1 h5 38. Nc6 h4 39. Na5 h3 40. Be4 Rg1+ 41. Kd2 h2 42. Nc4 h1=Q 43. Bxh1 Rxh1 44. Kc2 f5 45. Kb2 f4 46. a4 f3 47. a5 f2 48. Nd2 f1=Q 49. Nxf1 Rxf1 50. a6 Rf8 51. a7 Ra8 52. Kc2 Rxa7 53. Kd3 Kd5 54. b4 cxb4 55. Kc2 Kc4 56. Kb2 b3 57. Kb1 Kc3 58. Kc1 Ra1# 0-1

[Event "November U20 reserves"]
[Site "New Westminster CAN"]
[Date "2009.11.15"]
[Round "5"]
[White "Datcu-Romano, Alex"]
[Black "Xu, Jingzhi (Edwin)"]
[Result "0-1"]
[WhiteElo "1022"]
[BlackElo "1058"]
[PlyCount "110"]
[GameId "2160767910030378"]
[EventDate "2009.11.14"]
[EventType "swiss"]
[EventRounds "5"]
[EventCountry "CAN"]

1. e4 e5 2. Bc4 Nf6 3. Nf3 Nc6 4. Ng5 d5 5. exd5 Nxd5 6. Qf3 Qd7 7. Qxf7+ Qxf7 8. Nxf7 Kxf7 9. Bxd5+ Be6 10. Bxe6+ Kxe6 11. O-O Bc5 12. Nc3 Rhf8 13. Nb5 Kd7 14. d3 a6 15. Nc3 Rae8 16. Bd2 Nd4 17. Rac1 Bb4 18. Rfe1 Nb5 19. Re2 Nd4 20. Ree1 Rf7 21. Be3 c6 22. Bxd4 exd4 23. Rxe8 Kxe8 24. Ne2 c5 25. c3 dxc3 26. bxc3 Ba5 27. c4 Re7 28. Nf4 Bd2 29. Nd5 Bxc1 30. Nxe7 Kxe7 31. Kf1 b5 32. Ke2 b4 33. Kd1 Bf4 34. h4 h5 35. g3 Be5 36. Kc2 a5 37. Kb3 Kd7 38. Ka4 Bc7 39. a3 Kc6 40. axb4 axb4 41. Kb3 Be5 42. Kc2 Kb6 43. Kb3 Ka5 44. Ka2 Ka4 45. Kb1 Ka3 46. Kc2 Ka2 47. f4 Bd4 48. g4 b3+ 49. Kd2 hxg4 50. f5 b2 51. f6 gxf6 52. h5 b1=Q 53. h6 Qb2+ 54. Kd1 Bc3 55. h7 Qd2# 0-1

[Event "November U20 reserves"]
[Site "New Westminster CAN"]
[Date "2009.11.15"]
[Round "5"]
[White "Szinku, Peter"]
[Black "Yee, Anderson"]
[Result "0-1"]
[WhiteElo "1174"]
[BlackElo "1486"]
[PlyCount "60"]
[GameId "2160767910030379"]
[EventDate "2009.11.14"]
[EventType "swiss"]
[EventRounds "5"]
[EventCountry "CAN"]

1. e4 c5 2. d4 cxd4 3. c3 dxc3 4. Nxc3 Nc6 5. Nf3 d6 6. Bc4 Nf6 7. O-O e5 8. Ng5 Be6 9. Nxe6 fxe6 10. Bxe6 Nd4 11. Bc4 Rc8 12. b3 Be7 13. Re1 a6 14. Nd5 b5 15. Nxf6+ Bxf6 16. Bd5 Nc2 17. Qg4 Rc7 18. Bd2 Qe7 19. Ba5 Qd7 20. Qxd7+ Rxd7 21. Rac1 Nxe1 22. Rxe1 Bd8 23. Bc6 Bxa5 24. Rc1 Ke7 25. Bxd7 Kxd7 26. a3 Rc8 27. Rxc8 Kxc8 28. b4 Bb6 29. Kf1 Kc7 30. Ke2 Bd4 0-1

[Event "November U20 reserves"]
[Site "New Westminster CAN"]
[Date "2009.11.15"]
[Round "5"]
[White "Zheng, Kyle"]
[Black "Doknjas, Joshua"]
[Result "1-0"]
[WhiteElo "1148"]
[BlackElo "1066"]
[PlyCount "67"]
[GameId "2160767910030380"]
[EventDate "2009.11.14"]
[EventType "swiss"]
[EventRounds "5"]
[EventCountry "CAN"]

1. f4 d5 2. g3 b6 3. Bg2 Bb7 4. Nf3 e6 5. b3 Nf6 6. Bb2 Nbd7 7. d3 g6 8. Nbd2 Bg7 9. e3 O-O 10. Ng5 c5 11. Qe2 b5 12. e4 dxe4 13. dxe4 h6 14. Nh3 Re8 15. e5 Bxg2 16. Qxg2 Nd5 17. Qe2 Nb4 18. Ne4 Rc8 19. Nd6 Qa5 20. O-O Red8 21. Nxc8 Rxc8 22. Nf2 c4 23. Ne4 cxb3 24. axb3 Qb6+ 25. Qf2 Rxc2 26. Qxb6 axb6 27. Ra8+ Kh7 28. Rd1 Rxb2 29. Rxd7 Nd5 30. Rxf7 Rxb3 31. Nf6+ Nxf6 32. exf6 h5 33. Rxg7+ Kh6 34. Rh8# 1-0

[Event "Ontario op"]
[Site "Ottawa CAN"]
[Date "2009.05.16"]
[Round "1"]
[White "Barron, Michael"]
[Black "Xiong, Jerry"]
[Result "1-0"]
[WhiteElo "2377"]
[BlackElo "2171"]
[PlyCount "121"]
[GameId "2160767910156637"]
[EventDate "2009.05.16"]
[EventType "swiss"]
[EventRounds "6"]
[EventCountry "CAN"]
[SourceTitle "EXT 2011"]
[Source "ChessBase"]
[SourceDate "2011.11.26"]
[SourceVersion "1"]
[SourceVersionDate "2011.11.26"]
[SourceQuality "1"]

1. e4 c5 2. Nf3 d6 3. d4 cxd4 4. Nxd4 Nf6 5. Nc3 g6 6. Be2 Bg7 7. O-O O-O 8. Be3 a6 9. a4 Nc6 10. Nb3 Be6 11. f4 Nd7 12. Kh1 f5 13. Nd4 Nxd4 14. Bxd4 Bxd4 15. Qxd4 Qb6 16. Qxb6 Nxb6 17. a5 Nd7 18. Bf3 fxe4 19. Nxe4 Bc4 20. Rfe1 Rxf4 21. Nd2 Kf8 22. Ra4 Rxf3 23. Nxf3 Rc8 24. b3 Bd5 25. Rf4+ Nf6 26. c4 Bxf3 27. Rxf3 Rc5 28. Rfe3 Ng8 29. Ra1 Ke8 30. Kg1 Nf6 31. h3 Nd7 32. Rd1 Ne5 33. Rd5 Rxd5 34. cxd5 e6 35. Rc3 Kd8 36. dxe6 Nc6 37. Rf3 Nxa5 38. Rf7 Nxb3 39. Rxb7 Nc5 40. Rxh7 Nxe6 41. Kf2 a5 42. Ra7 a4 43. Rxa4 Ke7 44. Ke3 Kf6 45. Ra5 Nd8 46. Ke4 Ke6 47. Rg5 Kf6 48. Rg3 Nc6 49. Kd5 Ne7+ 50. Kc4 Kf5 51. Re3 Kf6 52. g4 Kf7 53. Re1 Kf6 54. Kb5 g5 55. Kb6 Ng6 56. Kc6 Nf4 57. Re3 d5 58. Kc5 Kg6 59. Kd4 Kf6 60. Ra3 Ke6 61. Ra6+ 1-0

[Event "Ontario op"]
[Site "Ottawa CAN"]
[Date "2009.05.16"]
[Round "1"]
[White "Pacey, Kevin"]
[Black "Upper, John"]
[Result "1-0"]
[WhiteElo "2316"]
[BlackElo "2090"]
[PlyCount "96"]
[GameId "2160767910156638"]
[EventDate "2009.05.16"]
[EventType "swiss"]
[EventRounds "6"]
[EventCountry "CAN"]

1. e4 e6 2. d4 d5 3. Nc3 Nf6 4. Bg5 dxe4 5. Nxe4 Be7 6. Bxf6 gxf6 7. Nf3 f5 8. Ng3 c5 9. Bb5+ Nc6 10. O-O O-O 11. Bxc6 bxc6 12. Ne5 Qc7 13. Re1 cxd4 14. Qxd4 c5 15. Qc3 f6 16. Nxf5 fxe5 17. Qg3+ Kf7 18. Rxe5 exf5 19. Rxf5+ Bxf5 20. Qxc7 Rad8 21. Re1 Rd7 22. Qe5 Bxc2 23. Qe6+ Ke8 24. Qc4 Rd1 25. Rxd1 Bxd1 26. Qe4 Rf7 27. Qa8+ Bd8 28. Qc6+ Rd7 29. Qxc5 Bb6 30. Qc6 Kd8 31. h3 Bh5 32. Qf6+ Kc8 33. Qf8+ Kb7 34. Qf5 Rf7 35. Qxh5 Rxf2 36. Qd5+ Ka6 37. Qd3+ Kb7 38. Kh1 Rxb2 39. Qxh7+ Ka6 40. Qd3+ Kb7 41. h4 Rb4 42. g3 Rd4 43. Qf3+ Kc7 44. Kg2 Kd6 45. Kh3 Ke6 46. h5 Rd8 47. Qe4+ Kd6 48. g4 Kd7 1-0

[Event "Ontario op"]
[Site "Ottawa CAN"]
[Date "2009.05.16"]
[Round "1"]
[White "Tuxanidy Torres, Aleksandr"]
[Black "Sambuev, Bator"]
[Result "0-1"]
[WhiteElo "2220"]
[BlackElo "2622"]
[PlyCount "100"]
[GameId "2160767910156640"]
[EventDate "2009.05.16"]
[EventType "swiss"]
[EventRounds "6"]
[EventCountry "CAN"]
[SourceTitle "EXT 2011"]
[Source "ChessBase"]
[SourceDate "2011.11.26"]
[SourceVersion "1"]
[SourceVersionDate "2011.11.26"]
[SourceQuality "1"]

1. e4 e6 2. d4 d5 3. Nd2 c5 4. exd5 Qxd5 5. Ngf3 cxd4 6. Bc4 Qd6 7. O-O Nf6 8. Nb3 Nc6 9. Nbxd4 Nxd4 10. Qxd4 Qxd4 11. Nxd4 a6 12. Bd2 Bc5 13. Nb3 Bb6 14. Be2 Ne4 15. Bb4 a5 16. Bb5+ Bd7 17. Bxd7+ Kxd7 18. Rfd1+ Kc6 19. Be1 e5 20. a4 Nd6 21. c4 Rhd8 22. c5 Bxc5 23. Nxa5+ Kb6 24. Nb3 Bd4 25. Nxd4 exd4 26. Rxd4 Nf5 27. Rxd8 Rxd8 28. Bc3 h5 29. Kf1 g6 30. h3 Rd5 31. Rc1 Ne7 32. f3 h4 33. Ke2 Nf5 34. Rd1 Rxd1 35. Kxd1 Kc5 36. Kd2 Kc4 37. a5 Ne7 38. Kc2 Nc6 39. b3+ Kb5 40. Bf6 Nb4+ 41. Kd2 Kxa5 42. Bxh4 Nd5 43. Be1 Kb4 44. Kc2+ Kc5 45. Bf2+ Kd6 46. g3 Ke5 47. Kd3 b5 48. Be1 Ne7 49. h4 Nc6 50. Bc3+ Ke6 0-1

[Event "Ontario op"]
[Site "Ottawa CAN"]
[Date "2009.05.16"]
[Round "1"]
[White "Wilker, Marcus"]
[Black "Hunt, Murray"]
[Result "1/2-1/2"]
[WhiteElo "1820"]
[BlackElo "1688"]
[PlyCount "92"]
[GameId "2160767910156641"]
[EventDate "2009.05.16"]
[EventType "swiss"]
[EventRounds "6"]
[EventCountry "CAN"]
[SourceTitle "EXT 2011"]
[Source "ChessBase"]
[SourceDate "2011.11.26"]
[SourceVersion "1"]
[SourceVersionDate "2011.11.26"]
[SourceQuality "1"]

1. d4 Nf6 2. c4 g6 3. Nc3 Bg7 4. e4 d6 5. f3 O-O 6. Be3 Nbd7 7. Bd3 e5 8. Nge2 b6 9. Qa4 exd4 10. Nxd4 Nc5 11. Qc2 Nxd3+ 12. Qxd3 c5 13. Nde2 Be6 14. Bg5 Qd7 15. Nd5 Bxd5 16. cxd5 Ne8 17. Nc3 f5 18. O-O a6 19. a4 Nc7 20. Kh1 Rae8 21. Qc2 Qf7 22. Bf4 Qd7 23. Qf2 fxe4 24. Qg3 Be5 25. fxe4 Qf7 26. Ne2 Bxf4 27. Rxf4 Qg7 28. Raf1 Rxf4 29. Qxf4 Qf8 30. Ng3 Qxf4 31. Rxf4 Kg7 32. Rf3 b5 33. axb5 axb5 34. Ra3 Ra8 35. Rxa8 Nxa8 36. Kg1 Kf6 37. Kf2 Ke5 38. Ke3 Nb6 39. Kd3 Nc4 40. b3 Nb6 41. Nf1 Nd7 42. Nd2 Nf6 43. g3 Ng4 44. Nf3+ Kf6 45. Kc3 Ne5 46. Nd2 b4+ 1/2-1/2

[Event "Ontario op"]
[Site "Ottawa CAN"]
[Date "2009.05.16"]
[Round "2"]
[White "Davies, Alex"]
[Black "Upper, John"]
[Result "1-0"]
[WhiteElo "2233"]
[BlackElo "2098"]
[PlyCount "67"]
[GameId "2160767910156642"]
[EventDate "2009.05.16"]
[EventType "swiss"]
[EventRounds "6"]
[EventCountry "CAN"]
[SourceTitle "EXT 2011"]
[Source "ChessBase"]
[SourceDate "2011.11.26"]
[SourceVersion "1"]
[SourceVersionDate "2011.11.26"]
[SourceQuality "1"]

1. e4 e6 2. Nc3 d5 3. Nf3 Nf6 4. e5 Nfd7 5. d4 c5 6. dxc5 Bxc5 7. Bd3 Nc6 8. Bf4 f6 9. exf6 Nxf6 10. O-O O-O 11. Qd2 a6 12. Rae1 Nh5 13. Bg3 Nxg3 14. hxg3 Qf6 15. Ng5 g6 16. a3 Kg7 17. Nf3 b5 18. b4 Bb6 19. Be2 Bb7 20. Bd1 Rae8 21. Ne2 Ne7 22. Ned4 e5 23. Nxe5 Bxd4 24. Qxd4 Nf5 25. Qa7 Rxe5 26. Rxe5 Qxe5 27. Qxb7+ Rf7 28. Qb6 Qc3 29. g4 Nd4 30. Qxa6 Rf6 31. Qb7+ Rf7 32. Qxd5 Qd2 33. Qe5+ Kg8 34. Qe3 1-0

[Event "Ontario op"]
[Site "Ottawa CAN"]
[Date "2009.05.16"]
[Round "2"]
[White "Gerzhoy, Leonid"]
[Black "Wight, Keith"]
[Result "1-0"]
[WhiteElo "2546"]
[BlackElo "2074"]
[PlyCount "89"]
[GameId "2160767910156644"]
[EventDate "2009.05.16"]
[EventType "swiss"]
[EventRounds "6"]
[EventCountry "CAN"]
[SourceTitle "EXT 2011"]
[Source "ChessBase"]
[SourceDate "2011.11.26"]
[SourceVersion "1"]
[SourceVersionDate "2011.11.26"]
[SourceQuality "1"]

1. e4 c5 2. c3 Nf6 3. e5 Nd5 4. g3 Nc6 5. Bg2 e6 6. Nf3 d6 7. exd6 Bxd6 8. O-O O-O 9. d4 a6 10. dxc5 Bxc5 11. Nbd2 Bb6 12. Nc4 Bc7 13. Ne3 Nde7 14. b3 f6 15. Ba3 e5 16. Nh4 Re8 17. Nc4 Be6 18. Nd6 Bxd6 19. Qxd6 Qxd6 20. Bxd6 Rad8 21. Rfd1 Rd7 22. Bxe7 Rexe7 23. Bxc6 bxc6 24. f3 c5 25. Ng2 c4 26. bxc4 Bxc4 27. Ne3 Be2 28. Rxd7 Rxd7 29. f4 e4 30. Rc1 Rb7 31. c4 Kf7 32. c5 Ke6 33. c6 Rc7 34. Kf2 Bb5 35. Nc2 f5 36. Nd4+ Kf6 37. Ke3 g6 38. Nxb5 axb5 39. Kd4 e3 40. Kc5 Ke7 41. Re1 Kd8 42. Rxe3 Ra7 43. Kb6 Rxa2 44. c7+ Kd7 45. Rd3+ 1-0

[Event "Ontario op"]
[Site "Ottawa CAN"]
[Date "2009.05.16"]
[Round "2"]
[White "Gordon, David"]
[Black "Barron, Michael"]
[Result "1/2-1/2"]
[WhiteElo "2248"]
[BlackElo "2377"]
[PlyCount "101"]
[GameId "2160767910156645"]
[EventDate "2009.05.16"]
[EventType "swiss"]
[EventRounds "6"]
[EventCountry "CAN"]
[SourceTitle "EXT 2011"]
[Source "ChessBase"]
[SourceDate "2011.11.26"]
[SourceVersion "1"]
[SourceVersionDate "2011.11.26"]
[SourceQuality "1"]

1. d4 f5 2. Qd3 d5 3. Bg5 h6 4. Bh4 g5 5. Bg3 Nf6 6. h4 Bg7 7. hxg5 hxg5 8. Rxh8+ Bxh8 9. Nf3 Ne4 10. Be5 Bf6 11. Bxf6 exf6 12. c4 Be6 13. cxd5 Qxd5 14. e3 Nc6 15. Nc3 Qa5 16. Qb5 O-O-O 17. Qxa5 Nxa5 18. Nxe4 fxe4 19. Nd2 f5 20. g4 Nc6 21. gxf5 Bxf5 22. Rc1 Nb4 23. Rc5 Nd5 24. Bc4 c6 25. Bxd5 Rxd5 26. Rxd5 cxd5 27. Kf1 Bg4 28. Kg2 Kd7 29. Kg3 Be2 30. Nb1 Kc6 31. Nc3 Bf3 32. a3 a5 33. b4 axb4 34. axb4 Bh5 35. Kg2 Kd6 36. Kf1 Be8 37. Ke2 b6 38. Kf1 Bd7 39. Kg2 Bc8 40. Kg3 Kc6 41. b5+ Kd6 42. Na4 Kc7 43. Nc3 Be6 44. f4 exf3 45. Kxf3 Kd6 46. e4 g4+ 47. Kf4 dxe4 48. Kxe4 Bc4 49. Kf4 Be6 50. Ke4 Bc8 51. Kf4 1/2-1/2

[Event "Ontario op"]
[Site "Ottawa CAN"]
[Date "2009.05.16"]
[Round "2"]
[White "Sadeghi, Saeid"]
[Black "Pacey, Kevin"]
[Result "1/2-1/2"]
[WhiteElo "2067"]
[BlackElo "2319"]
[PlyCount "48"]
[GameId "2160767910156646"]
[EventDate "2009.05.16"]
[EventType "swiss"]
[EventRounds "6"]
[EventCountry "CAN"]
[SourceTitle "EXT 2011"]
[Source "ChessBase"]
[SourceDate "2011.11.26"]
[SourceVersion "1"]
[SourceVersionDate "2011.11.26"]
[SourceQuality "1"]

1. d4 Nf6 2. c4 g6 3. Nc3 d5 4. cxd5 Nxd5 5. e4 Nxc3 6. bxc3 Bg7 7. Nf3 c5 8. Rb1 O-O 9. Be2 cxd4 10. cxd4 Qa5+ 11. Qd2 Qxd2+ 12. Bxd2 b6 13. O-O e6 14. Rbc1 Bb7 15. Bd3 Nc6 16. e5 Rfc8 17. Be4 Nd8 18. Bxb7 Nxb7 19. Rfd1 Nd8 20. Kf1 Nc6 21. Rc2 Ne7 22. Rdc1 Rxc2 23. Rxc2 Nd5 24. Ke2 Kf8 1/2-1/2

[Event "Ontario op"]
[Site "Ottawa CAN"]
[Date "2009.05.16"]
[Round "2"]
[White "Sambuev, Bator"]
[Black "Whissell, Mavros"]
[Result "1-0"]
[WhiteElo "2622"]
[BlackElo "2139"]
[PlyCount "59"]
[GameId "2160767910156647"]
[EventDate "2009.05.16"]
[EventType "swiss"]
[EventRounds "6"]
[EventCountry "CAN"]
[SourceTitle "EXT 2011"]
[Source "ChessBase"]
[SourceDate "2011.11.26"]
[SourceVersion "1"]
[SourceVersionDate "2011.11.26"]
[SourceQuality "1"]

1. e4 e5 2. Nf3 Nc6 3. Bc4 Nf6 4. d3 Be7 5. O-O d6 6. c3 O-O 7. Nbd2 Kh8 8. Bb3 Ng8 9. d4 f5 10. exf5 Bxf5 11. dxe5 dxe5 12. Bc2 Bg4 13. h3 Bh5 14. g4 Bf7 15. Ne4 Bc4 16. Neg5 Qxd1 17. Rxd1 h6 18. Nh4 Rf6 19. Ne4 Re6 20. Nf5 Rd8 21. Be3 Bf8 22. Rxd8 Nxd8 23. Rd1 Re8 24. b3 Bb5 25. g5 Ne6 26. gxh6 gxh6 27. Rd5 Bc6 28. Rxe5 Ng7 29. Rxe8 Nxe8 30. Bd4+ 1-0

[Event "Ontario op"]
[Site "Ottawa CAN"]
[Date "2009.05.16"]
[Round "2"]
[White "Xiong, Wei"]
[Black "Wilker, Marcus"]
[Result "0-1"]
[WhiteElo "1670"]
[BlackElo "1820"]
[PlyCount "82"]
[GameId "2160767910156648"]
[EventDate "2009.05.16"]
[EventType "swiss"]
[EventRounds "6"]
[EventCountry "CAN"]
[SourceTitle "EXT 2011"]
[Source "ChessBase"]
[SourceDate "2011.11.26"]
[SourceVersion "1"]
[SourceVersionDate "2011.11.26"]
[SourceQuality "1"]

1. e4 c6 2. d4 d5 3. Nc3 dxe4 4. Nxe4 Nf6 5. f3 Bf5 6. Nxf6+ gxf6 7. Bc4 e6 8. Ne2 Nd7 9. Bd3 Bg6 10. h4 h5 11. Be3 f5 12. Nc3 Qc7 13. Qe2 Nf6 14. Bg5 Bg7 15. O-O Nh7 16. Qe3 Nxg5 17. Qxg5 Bxd4+ 18. Kh1 Rg8 19. Rae1 Bh7 20. Qxh5 O-O-O 21. f4 Rg4 22. Qxh7 Rh8 23. Qxh8+ Bxh8 24. Rf3 Rxh4+ 25. Kg1 Rxf4 26. Ne2 Rh4 27. Ng3 Be5 28. Kf2 Bd4+ 29. Ke2 Bxb2 30. Kd1 Qb6 31. Nxf5 Bc3 32. Nd6+ Kb8 33. Ref1 f5 34. Rg3 Rh1 35. Rg8+ Kc7 36. Ne8+ Kd7 37. Rxh1 Qb1+ 38. Ke2 Qxh1 39. Ng7 Qxg2+ 40. Ke3 Bd2+ 41. Kd4 Qd5# 0-1

[Event "Ontario op"]
[Site "Ottawa CAN"]
[Date "2009.05.17"]
[Round "3"]
[White "Barron, Michael"]
[Black "Sadeghi, Saeid"]
[Result "1/2-1/2"]
[WhiteElo "2377"]
[BlackElo "2067"]
[PlyCount "117"]
[GameId "2160767910156649"]
[EventDate "2009.05.16"]
[EventType "swiss"]
[EventRounds "6"]
[EventCountry "CAN"]
[SourceTitle "EXT 2011"]
[Source "ChessBase"]
[SourceDate "2011.11.26"]
[SourceVersion "1"]
[SourceVersionDate "2011.11.26"]
[SourceQuality "1"]

1. e4 e5 2. Nf3 Nc6 3. Bb5 a6 4. Ba4 Nf6 5. O-O b5 6. Bb3 Bc5 7. Nxe5 Nxe5 8. d4 Bxd4 9. Qxd4 d6 10. c3 O-O 11. Bg5 c5 12. Qd1 h6 13. Bh4 Ng6 14. Bxf6 Qxf6 15. Bd5 Rb8 16. Nd2 Nf4 17. Qf3 Nxd5 18. exd5 Qxf3 19. Nxf3 Bb7 20. Rad1 Rfe8 21. Rd2 Re4 22. Rfd1 Rbe8 23. Kf1 Bc8 24. Ne1 Bf5 25. Nc2 Rh4 26. h3 Bxc2 27. Rxc2 Rhe4 28. b3 c4 29. b4 R4e5 30. a4 Rf5 31. axb5 axb5 32. Ra2 Ree5 33. Ra8+ Kh7 34. Rd8 Rxd5 35. Rxd6 Rxd1+ 36. Rxd1 Re5 37. Rd6 Kg8 38. Rd8+ Kh7 39. Rc8 Kg6 40. g4 Rd5 41. Rc6+ f6 42. h4 Rd3 43. Rc5 Rxc3 44. Rxb5 Rb3 45. h5+ Kf7 46. Rb7+ Ke6 47. Ke2 Kd5 48. Kd2 Rb2+ 49. Kc3 Rb3+ 50. Kc2 Rf3 51. Rb5+ Kd4 52. Rf5 Rxf5 53. gxf5 c3 54. b5 Kc5 55. Kxc3 Kxb5 56. Kd4 Kc6 57. Kc4 Kd6 58. Kd4 Kc6 59. Kc4 1/2-1/2

[Event "Ontario op"]
[Site "Ottawa CAN"]
[Date "2009.05.17"]
[Round "3"]
[White "Filipovich, David"]
[Black "Gerzhoy, Leonid"]
[Result "1/2-1/2"]
[WhiteElo "2241"]
[BlackElo "2546"]
[PlyCount "59"]
[GameId "2160767910156650"]
[EventDate "2009.05.16"]
[EventType "swiss"]
[EventRounds "6"]
[EventCountry "CAN"]
[SourceTitle "EXT 2011"]
[Source "ChessBase"]
[SourceDate "2011.11.26"]
[SourceVersion "1"]
[SourceVersionDate "2011.11.26"]
[SourceQuality "1"]

1. Nf3 g6 2. d4 Bg7 3. c3 Nf6 4. Bg5 O-O 5. Nbd2 d6 6. e3 Nbd7 7. Be2 e5 8. dxe5 Nxe5 9. Nxe5 dxe5 10. e4 Qe7 11. O-O h6 12. Bh4 b6 13. Re1 Bb7 14. Qc2 Rad8 15. a4 g5 16. Bg3 h5 17. h4 g4 18. Bc4 Ne8 19. a5 Nd6 20. axb6 axb6 21. Ra7 Ra8 22. Rxa8 Rxa8 23. Bd5 c6 24. Bb3 Bf6 25. Qd3 Kg7 26. Rd1 Rd8 27. Nc4 Nxc4 28. Qxd8 Qxd8 29. Rxd8 Bxd8 30. Bxc4 1/2-1/2

[Event "Ontario op"]
[Site "Ottawa CAN"]
[Date "2009.05.17"]
[Round "3"]
[White "Pacey, Kevin"]
[Black "Gordon, David"]
[Result "1/2-1/2"]
[WhiteElo "2319"]
[BlackElo "2248"]
[PlyCount "29"]
[GameId "2160767910156651"]
[EventDate "2009.05.16"]
[EventType "swiss"]
[EventRounds "6"]
[EventCountry "CAN"]
[SourceTitle "EXT 2011"]
[Source "ChessBase"]
[SourceDate "2011.11.26"]
[SourceVersion "1"]
[SourceVersionDate "2011.11.26"]
[SourceQuality "1"]

1. Nf3 c5 2. c4 Nf6 3. Nc3 e6 4. d4 cxd4 5. Nxd4 d5 6. cxd5 Nxd5 7. e4 Nxc3 8. bxc3 Nc6 9. Bb5 Bd7 10. Nxc6 Bxc6 11. Bxc6+ bxc6 12. Qxd8+ Kxd8 13. Be3 Bd6 14. Rb1 Kc7 15. Kd2 1/2-1/2

[Event "Ontario op"]
[Site "Ottawa CAN"]
[Date "2009.05.17"]
[Round "3"]
[White "Tuxanidy Torres, Aleksandr"]
[Black "Sapozhnikov, Roman"]
[Result "0-1"]
[WhiteElo "2218"]
[BlackElo "2356"]
[PlyCount "50"]
[GameId "2160767910156653"]
[EventDate "2009.05.16"]
[EventType "swiss"]
[EventRounds "6"]
[EventCountry "CAN"]
[SourceTitle "EXT 2011"]
[Source "ChessBase"]
[SourceDate "2011.11.26"]
[SourceVersion "1"]
[SourceVersionDate "2011.11.26"]
[SourceQuality "1"]

1. e4 c5 2. Nf3 d6 3. d4 cxd4 4. Nxd4 Nf6 5. Nc3 Nc6 6. Bg5 e6 7. Qd2 a6 8. O-O-O Bd7 9. f4 b5 10. Nxc6 Bxc6 11. Qe1 Be7 12. e5 Nd5 13. Bxe7 Qxe7 14. Ne4 dxe5 15. fxe5 O-O 16. Kb1 Qb4 17. Qxb4 Nxb4 18. Nc3 Rfd8 19. Kc1 Rxd1+ 20. Kxd1 Rd8+ 21. Kc1 Nd5 22. Rg1 Ne3 23. Bd3 Nxg2 24. Ne4 Nf4 25. Re1 Rxd3 0-1

[Event "Ontario op"]
[Site "Ottawa CAN"]
[Date "2009.05.17"]
[Round "3"]
[White "Wilker, Marcus"]
[Black "Couture, Philippe"]
[Result "0-1"]
[WhiteElo "1820"]
[BlackElo "1933"]
[PlyCount "66"]
[GameId "2160767910156654"]
[EventDate "2009.05.16"]
[EventType "swiss"]
[EventRounds "6"]
[EventCountry "CAN"]
[SourceTitle "EXT 2011"]
[Source "ChessBase"]
[SourceDate "2011.11.26"]
[SourceVersion "1"]
[SourceVersionDate "2011.11.26"]
[SourceQuality "1"]

1. d4 Nf6 2. c4 c5 3. d5 b5 4. Nc3 bxc4 5. e4 d6 6. Bxc4 g6 7. b4 cxb4 8. Qa4+ Nbd7 9. Qxb4 Bg7 10. f3 O-O 11. Nge2 Rb8 12. Qa3 Qc7 13. Bb3 a5 14. Bd2 Ba6 15. Rc1 Ne5 16. O-O Qb6+ 17. Kh1 Bxe2 18. Nxe2 Nd3 19. Rc6 Qb7 20. Qxa5 Rfc8 21. Bc4 Nc5 22. Rxc8+ Qxc8 23. Rc1 Nfd7 24. Ba6 Qxa6 25. Qxa6 Nxa6 26. Rc2 Rb1+ 27. Nc1 Ndc5 28. g3 Bb2 29. Kg2 Bxc1 30. Bxc1 Nb4 31. Rb2 Rxb2+ 32. Bxb2 Nxa2 33. e5 Nb4 0-1